01842nam a2200457Ic 450000100060000000300100000600500170001600700030003300800410003602000180007704000350009504100130013008200180014324502040016125000200036526400400038530000580042533600270048333700330051033800280054349000170057152100540058853400320064254500650067460000610073960000550080065000290085565000440088470000360092870000320096470000290099670000290102570000290105470000330108370000350111670000430115170000320119494200120122699900170123895201290125559796CO-BoRNBP20251106195545.0ta210804s2018 sp a jr 000 0dspa  a9788417056100 aCO-BoRNBPbspaerdacCO-BoRNBP1 aspaheng04a609bL26c22200a50 grandes ideas e inventos de Leonardo Da Vinci /ccolaboradores Francis Ames-Lewis... [y otros seis] ; edición Marina Wallace ; ilustraciones Ivan Hissey ; traducción Alfonso Rodríguez Arias. aNueva edición 1aBarcelona, España :bBlume,c2018 a160 páginas :bilustraciones, fotografías a color atextobtxt2rdacontent asin mediaciónbn2rdamedia avolumenbnc2rdacarrier0 aGuía breve aRecomendado para un público mayor de 12 años t30 second Leonardo Da Vinci aIncluye datos biográficos del autor en la contracarátula 0aVinci, Leonardo Da,xCrítica e interpretación966646 0aVinci, Leonardo Da,xTrabajos científicos96664707aInventosxHistoria2LEMB07aPintura italianaySiglo XV2lemb966648 aAmes-Lewis, franciseaut966649 aBarone, Julianaeaut966650 aCalter, Pauleaut966651 aClegg, Brianeaut966652 aHissey, Ivaneill966606 aLandrus, Mattheweaut966653 aLaurenza, Domenicoeaut966654 aRodríguez Arias, Alfonsoetrl965345 aWallace, Marinaeaut966655 2ddccBK c59796d59796 00102ddc40708GENaMEMAPJGAbMEMAPJGAcGENd2025-11-06l0o609 L26cpMPJG00851r2025-11-06 19:56:16tEj.1w2025-11-06yBK